Normal view
MARC view
- L.D. Landau and E.M. Lifshitz
Entry Personal Name
001 - CONTROL NUMBER
- control field: 20389
003 - CONTROL NUMBER IDENTIFIER
- control field: NUST
005 - DATE AND TIME OF LATEST TRANSACTION
- control field: 20190913055154.0
008 - FIXED-LENGTH DATA ELEMENTS
- fixed length control field: 190913|| aca||aabn | a|a d
040 ## - CATALOGING SOURCE
- Original cataloging agency: NUST
- Transcribing agency: NUST
100 ## - HEADING--PERSONAL NAME
- Personal name: L.D. Landau and E.M. Lifshitz
670 ## - SOURCE DATA FOUND
- Source citation: Work cat.: (NUST): L.D. Landau and E.M. Lifshitz, Mechanics , 1960
